00667nam a2200241 a 4500001001300000003000900013005001700022008004100039020001000080082001800090100001700108245002100125260004300146300000900189500003500198505002800233650001800261700001700279902000800296942000700304952009900311999001500410nice12345678IN_TiNIC20260116011858.0050524s1924 lona grp 000 0 per  ac10000a220.9505bBUN aBanyon, John aSayahat-I-Maseeh aLondonbReligious Tracts Societyc1924 a372p aincludes index and biblioraphy2 aHand Written Manuscript aBible Stories1 aBanyon, John bSRS cBK 00104070aHMIbHMId2007-07-31g100.00l0o220.9505 BUNp05024r2007-07-31w2026-01-16yARB c4665d4665